000
00192nam a2200085Ia 4500
008
170620s9999 xx 000 0 und d
100
_a
BROOM- H.
245
0
_a
LEGAL MAXIMS
260
_b
DELHI; UNIVERSAL L P
260
_c
2008
999
_c
29397
_d
29397